The impact of federal immigration policy and INS activities on communities : hearings before the Information, Justice, Transportation, and Agriculture Subcommittee of the Committee on Government Operations, House of Representatives, One Hundred Third Congress, first and second sessions, June 2; August 31, 1993; and March 28, 1994.

Saved in:
Bibliographic Details
Corporate Author: United States. Congress. House. Committee on Government Operations. Information, Justice, Transportation, and Agriculture Subcommittee.
Format: Book
Language:English
Published: Washington : U.S. G.P.O. : For sale by the U.S. G.P.O., Supt. of Docs., Congressional Sales Office, 1995.
Subjects:
Tags: Add Tag
No Tags, Be the first to tag this record!
LEADER 02096nam a2200337Ia 4500
001 005259457-2
005 20020606095253.2
008 950127s1995 dcua b f000 0 eng d
020 |a 0160464846 
035 0 |a ocm31894461 
040 |a GPO  |c GPO  |d HLS 
043 |a n-us--- 
050 0 0 |a KF27  |b .G66294 1994g 
074 |a 1016-A 
074 |a 1016-B (MF) 
086 0 |a Y 4.G 74/7:IM 6/9 
110 1 |a United States.  |b Congress.  |b House.  |b Committee on Government Operations.  |b Information, Justice, Transportation, and Agriculture Subcommittee. 
245 1 4 |a The impact of federal immigration policy and INS activities on communities :  |b hearings before the Information, Justice, Transportation, and Agriculture Subcommittee of the Committee on Government Operations, House of Representatives, One Hundred Third Congress, first and second sessions, June 2; August 31, 1993; and March 28, 1994. 
260 |a Washington :  |b U.S. G.P.O. :  |b For sale by the U.S. G.P.O., Supt. of Docs., Congressional Sales Office,  |c 1995. 
300 |a v, 644 p. :  |b ill. ;  |c 23 cm. 
500 |a Distributed to some depository libraries in microfiche. 
500 |a Shipping list no.: 95-0023-P. 
504 |a Includes bibliographical references. 
505 2 |a Criminal aliens in the Los Angeles County jail population --Immigration impact briefing package / Dade County Public Schools -- The unfair burden: immigration's impact on Florida. 
610 1 0 |a United States.  |b Immigration and Naturalization Service. 
650 0 |a Immigrants  |x Services for  |z United States  |x Costs. 
650 0 |a Illegal aliens  |x Services for  |z United States  |x Costs. 
651 0 |a United States  |x Emigration and immigration  |x Government policy. 
776 0 8 |i Online version:  |a United States. Congress. House. Committee on Government Operations. Information, Justice, Transportation, and Agriculture Subcommittee.  |t Impact of federal immigration policy and INS activities on communities.  |d Washington : U.S.G.P.O. : For sale by the U.S.G.P.O., Supt. of Docs., Congressional Sales Office, 1995  |w (OCoLC)652400913 
988 |a 20020608 
906 |0 OCLC